The testaments

Bibliographic Details
Main Author: Atwood, Margaret
Format: Book
Published: London : Chatto & Windus , 2019
Subjects:

MARC

LEADER 00000cam a2200000 7i4500
001 0000278463
005 20210315103449.0
020 |a 9781784742324 
090 0 0 |a F   |b ATW 
100 1 |a Atwood, Margaret 
245 1 4 |a The testaments   |c Margaret Atwood 
260 |a London :   |b Chatto & Windus ,   |c 2019 
300 |a 419p. ;   |c 24cm. 
650 0 |a Science fiction 
999 |a 00385794   |b BUKU   |c PINJAMAN   |e PERPUSTAKAAN KOMUNITI PETALING JAYA